The New England journal of medicine (Registro nro. 29528)

Detalles MARC
000 -CABECERA
Longitud fija campo de control 00664nai a22001697a 4500
003 - IDENTIFICADOR DELl NÚMERO DE CONTROL
Identificador del número de control OSt
005 - FECHA Y HORA DE LA ÚLTIMA TRANSACCIÓN
Fecha y hora de la última transacción 20180717170802.0
008 - CÓDIGOS DE INFORMACIÓN DE LONGITUD FIJA
Códigos de información de longitud fija 180615b xxu||||| |||| 00| 0 eng d
040 ## - FUENTE DE LA CATALOGACIÓN
Centro catalogador de origen BMC
Centro transcriptor BMC
082 ## - NÚMERO DE LA CLASIFICACIÓN DECIMAL DEWEY
Númeroo de clasificación 616.12
245 00 - MENCIÓN DE TÍTULO
Título The New England journal of medicine
Número de parte o sección de la obra V. 342, 343
260 ## - PUBLICACIÓN, DISTRIBUCIÓN, ETC. (PIE DE IMPRENTA)
Lugar de publicación, distribución, etc. New York
Nombre del editor, distribuidor, etc. Massachussetts Medical Society
Fecha de publicación, distribución, etc. 2000
300 ## - DESCRIPCIÓN FÍSICA
Extensión 2 v.
Dimensiones 28 cm
505 ## - NOTA DE CONTENIDO CON FORMATO
Nota de contenido con formato Contiene: Efectos de la cirugia de paypass aortocoronario...- Resultados del tratamiento de niños con leucemia linfoblástica aguda cromosoma filadelfia positivos.- Efecto de la angioplastia con balón sobre la hipertensión.-
650 24 - PUNTO DE ACCESO ADICIONAL DE MATERIA - TÉRMINO DE MATERIA
9 (RLIN) 24283
Término de materia o nombre geográfico como elemento inicial Cardiología
942 ## - ENTRADA DE ELEMENTOS AGREGADOS (KOHA)
Fuente de clasificaión o esquema Dewey Decimal Classification
Koha [por defecto] tipo de item 2- Prensa y Revistas
Existencias
Suprimido Perdido Fuente de clasificación o esquema Estropeado Restricciones de uso No para préstamo Código de colección Localización permanente Localización actual Localización en estanter&íacute;as Fecha adquisición Fuente de adquisición Número de inventario Préstamos totales Signatura completa Código de barras Fecha última consulta Fecha del precio de reemplazo Tipo de item de Koha
NULL NULL Dewey Decimal Classification NULL NULL NULL NULL Biblioteca Miguel de Cervantes - UNICAES Biblioteca Miguel de Cervantes - UNICAES Sala Principal 30/06/2008 Donación - Romeo Tovar Astorga 000026   MED-000026 (v.342-2) 1044361 22/06/2018 22/06/2018 2- Prensa y Revistas
NULL NULL Dewey Decimal Classification NULL NULL NULL NULL Biblioteca Miguel de Cervantes - UNICAES Biblioteca Miguel de Cervantes - UNICAES Sala Principal 30/06/2008   000027   MED-000027 (v.343-1) 1044362 22/06/2018 22/06/2018 2- Prensa y Revistas